GROUNDWATER MODELLING USING WETSPASS-M AND MODFLOW (Record no. 19622)
[ view plain ]
| 000 -LEADER | |
|---|---|
| fixed length control field | 00382nam a22001457a 4500 |
| 003 - CONTROL NUMBER IDENTIFIER | |
| control field | OSt |
| 082 ## - DEWEY DECIMAL CLASSIFICATION NUMBER | |
| Classification number | 631.587 |
| Item number | AKA/GR |
| 088 ## - REPORT NUMBER | |
| Report number | T 670 |
| 100 ## - MAIN ENTRY--AUTHOR NAME | |
| Personal name | Akansha V, R |
| 245 ## - TITLE STATEMENT | |
| Title | GROUNDWATER MODELLING USING WETSPASS-M AND MODFLOW |
| 260 ## - PUBLICATION, DISTRIBUTION, ETC. (IMPRINT) | |
| Place of publication | Tavanur |
| Name of publisher | SWCE |
| Year of publication | 2026 |
| 856 ## - ELECTRONIC LOCATION AND ACCESS | |
| Uniform Resource Identifier | http://14.139.181.140:8080/jspui/handle/123456789/2192 |
| 942 ## - ADDED ENTRY ELEMENTS (KOHA) | |
| Koha item type | Theses |
| Collection code | Home library | Current library | Full call number | Accession Number | Koha item type |
|---|---|---|---|---|---|
| Reference | KAUAET | KAUAET | 631.587 AKA/GR | T 670 | Theses |
